=LDR 00000nam 2200000 4500 =001 INLIS000000000047844 =005 20160219085733.0 =006 =007 =008 =020 ##$$a 978.0.8129.8144-5 =035 ##$$0010-021600000000233 =040 ##$$a NBPDMAT =082 ##$$a 658.408 =090 ##$$a 658.408 $bBla s =100 ##$$a Blake Mycoskie =245 ##$$a Start something that masters / Blake Mycoskie =250 ##$$a Cet. 1 =260 ##$$a New York $b Spiegel $c 2012 =300 ##$$a 209 hlm. ; 20 cm =650 ##$$a Manajemen Eksekutif =850 ##$$a NBPDMAT =990 ##$$a 31500687 =990 ##$$a 31500687/BPAP-NTB/2016